000 00552nam a22002177a 4500
003 UA-OsUOA
001 56644
007 ta
008 20081105b un ||||| |||| 00| 0 ukr d
100 _aМедведєв О.
090 _a330(477)
_bМ42
942 _cSA
040 _aUA-OsUOA
_bukr
_cUA-OsUOA
_dUA-OsUOA
245 _aОптимізм кризи або кризова оптимізація
300 _aС.1
955 _a0
041 _aukr
080 _a330(477)
773 0 _w56642
650 7 _a330 Економіка взагалі
_2UDC
999 _c342732
_d342732